Five Largest Cities for Each Continent - Statistics

General Stats
  • This quiz has been taken 48 times
  • The average score is 26 of 30
Answer Stats
Continent City % Correct
Europe London
98%
Europe Moscow
98%
Europe Paris
98%
North America Los Angeles
95%
North America New York
95%
South America São Paulo
95%
Oceania Sydney
95%
South America Rio De Janeiro
93%
Asia Shanghai
93%
Asia Tokyo
93%
Africa Cairo
91%
Europe Istanbul
91%
Europe Madrid
91%
Oceania Melbourne
91%
North America Mexico City
91%
South America Bogotá
88%
South America Buenos Aires
88%
North America Chicago
88%
Oceania Auckland
86%
Asia Delhi
86%
Africa Lagos
86%
Oceania Perth
86%
South America Lima
84%
Africa Johannesburg
81%
Africa Kinshasa
79%
Oceania Brisbane
77%
Asia Manila
70%
North America Houston
63%
Asia Dhaka
58%
Africa Luanda
51%
No matching quizzes found
Score Distribution
Percent of People with Each Score
Percentile by Number Answered
Your Score History
You have not taken this quiz